000 00697nam a2200193 a 4500
001 000017096
005 20200929165025.0
008 100317s1994 dr a 000 0 spa d
040 _aDO-SdBNP
_bspa
_cBNPHU
082 _a796.3232
_bR337o
245 0 0 _aReglas oficiales de basquebol :
_by manual de juez /.
246 1 4 _aReglas oficiales de baloncesto
_by manual del juez
260 _aSanto Domingo :
_bFederación Dominicana de Baloncesto,
_c1994.
300 _a137 p. :
_bil. ;
_c20 cm.
500 _aXI Juegos deportivos nacionales juveniles, Mao 1997
650 4 _aBaloncesto
_xReglamentos
_936898
710 1 _aRepública Dominicana
_bSecretaría de Estado de Deportes
_937689
049 _aBNPD
999 _c16622
_d16622